[Event "2BLO 2324 SV Deggendorf - Münchener Sch"]
[Site "?"]
[Date "2023.12.03"]
[Round "4.3"]
[White "Saric, Ivan"]
[Black "Delchev, Aleksander"]
[Result "1-0"]
[WhiteElo "2685"]
[BlackElo "2500"]
[PlyCount "107"]
[EventDate "2023.??.??"]

1. e4 e5 2. Nf3 Nc6 3. Bc4 Nf6 4. d3 Be7 5. Nc3 d6 6. a4 O-O 7. O-O Be6 8. Nd5 Bxd5 9. exd5 Nb4 10. d4 e4 11. Nd2 Rb8 12. Re1 c6 13. c3 Nbxd5 14. Nxe4 Nxe4 15. Rxe4 Nf6 16. Re1 d5 17. Bd3 Bd6 18. Qf3 Qc7 19. h4 Rfe8 20. Bg5 Nd7 21. h5 h6 22. Bd2 Nf8 23. g3 Rbd8 24. Kg2 Qb8 25. Qg4 Kh8 26. Qf5 Kg8 27. c4 dxc4 28. Bxc4 Qc7 29. Ba5 b6 30. Bc3 Qd7 31. Bd3 Qxf5 32. Bxf5 Be7 33. Be4 Rc8 34. d5 cxd5 35. Bxd5 Bf6 36. Bxf6 gxf6 37. Rac1 Rxc1 38. Rxe8 Rc5 39. Bb3 Re5 40. Rc8 Re7 41. Bc4 Kg7 42. b4 Ne6 43. a5 bxa5 44. bxa5 Ng5 45. Bd5 Rd7 46. Bc6 Re7 47. a6 Ne6 48. Bd5 Nc7 49. Bc4 f5 50. Rb8 Re4 51. Bb3 Nxa6 52. Rb7 Nc5 53. Rxf7+ Kh8 54. Bc2 1-0

[Event "2BLO 2324 SV Deggendorf - Münchener Sch"]
[Site "?"]
[Date "2023.12.03"]
[Round "4.4"]
[White "Bogosavljevic, Boban"]
[Black "Indjic, Aleksandar"]
[Result "0-1"]
[WhiteElo "2469"]
[BlackElo "2589"]
[PlyCount "100"]
[EventDate "2023.??.??"]

1. Nf3 d5 2. g3 Bg4 3. Bg2 e6 4. O-O Nf6 5. c4 c6 6. Qb3 Qb6 7. Nc3 Nbd7 8. d4 Be7 9. Bf4 O-O 10. Rfe1 Bxf3 11. Bxf3 Qxd4 12. Qxb7 Qxc4 13. Rac1 Qb4 14. Qxc6 Qxb2 15. Nb5 Rac8 16. Qxc8 Rxc8 17. Rxc8+ Bf8 18. Nxa7 e5 19. Nc6 exf4 20. Ne7+ Kh8 21. Rd1 fxg3 22. hxg3 g6 23. Nxd5 Kg7 24. Nxf6 Nxf6 25. a4 Qa2 26. Ra8 g5 27. g4 Qc2 28. Rdd8 Be7 29. Rdc8 Qd1+ 30. Kg2 h5 31. gxh5 g4 32. h6+ Kxh6 33. Rh8+ Kg6 34. Rag8+ Nxg8 35. Rxg8+ Kh6 36. Rxg4 Qd2 37. Rc4 f5 38. Rc6+ Kg5 39. Rc7 Bf6 40. Rc5 Kg6 41. Rc6 Qb4 42. Ra6 Kg5 43. Ra8 Bd4 44. a5 Bc5 45. a6 Qd4 46. e3 Qg7 47. Rc8 Kh4+ 48. Kf1 Qa1+ 49. Kg2 Bxe3 50. Rc4+ Bd4 0-1

[Event "2BLO 2324 SV Deggendorf - Münchener Sch"]
[Site "?"]
[Date "2023.12.03"]
[Round "4.5"]
[White "Martinovic, Sasa"]
[Black "Sedlak, Nikola"]
[Result "1/2-1/2"]
[WhiteElo "2556"]
[BlackElo "2452"]
[PlyCount "65"]
[EventDate "2023.??.??"]

1. d4 Nf6 2. c4 d6 3. Nf3 Nc6 4. Nc3 e5 5. d5 Ne7 6. e4 h6 7. Be2 a6 8. Be3 Ng6 9. h4 Nf4 10. Bxf4 exf4 11. Qd2 g6 12. Qxf4 Bg7 13. Nd2 Nd7 14. h5 g5 15. Qe3 Ne5 16. Nf1 f5 17. exf5 Bxf5 18. Ng3 Bh7 19. O-O O-O 20. f4 gxf4 21. Rxf4 Rxf4 22. Qxf4 Qe7 23. Nf5 Bxf5 24. Qxf5 Qh4 25. Qe4 Qxe4 26. Nxe4 Re8 27. Re1 Re7 28. b3 Nd7 29. Bg4 Nc5 30. Bf5 Bd4+ 31. Kf1 Nxe4 32. Rxe4 Rxe4 33. Bxe4 1/2-1/2

[Event "2BLO 2324 SV Deggendorf - Münchener Sch"]
[Site "?"]
[Date "2023.12.03"]
[Round "4.6"]
[White "Stojanovic, Dalibor"]
[Black "Costa, Leonardo"]
[Result "0-1"]
[WhiteElo "2464"]
[BlackElo "2472"]
[PlyCount "76"]
[EventDate "2023.??.??"]

1. e4 c6 2. d4 d5 3. Nc3 dxe4 4. Nxe4 Nf6 5. Nxf6+ exf6 6. c3 Bd6 7. Bd3 O-O 8. Qc2 Re8+ 9. Ne2 h5 10. O-O h4 11. Bf4 Na6 12. h3 Nc7 13. Qd2 Nd5 14. Bxd6 Qxd6 15. Rfe1 Bd7 16. Bc4 Re7 17. Rad1 Rae8 18. Nc1 a5 19. Rxe7 Rxe7 20. Bxd5 Qxd5 21. Re1 Qg5 22. f4 Rxe1+ 23. Qxe1 Qxf4 24. Nd3 Qg5 25. Nf2 Be6 26. b3 b5 27. Ng4 a4 28. bxa4 bxa4 29. a3 Qf4 30. Ne3 Qe4 31. Qd2 f5 32. Nc2 f4 33. Ne1 Bd5 34. Kh2 Qe7 35. Nc2 f3 36. gxf3 Qd6+ 37. f4 Qg6 38. Qf2 Qe4 0-1

[Event "2BLO 2324 SV Deggendorf - Münchener Sch"]
[Site "?"]
[Date "2023.12.03"]
[Round "4.7"]
[White "Watson, William N"]
[Black "Popovic, Dusan"]
[Result "1/2-1/2"]
[WhiteElo "2486"]
[BlackElo "2497"]
[PlyCount "46"]
[EventDate "2023.??.??"]

1. e4 c5 2. Nf3 d6 3. Nc3 a6 4. g3 Nf6 5. e5 dxe5 6. Nxe5 Qd6 7. Nf3 Nc6 8. Bg2 Bg4 9. h3 Bh5 10. d3 e6 11. Bf4 Qd7 12. g4 Bg6 13. Ne5 Nxe5 14. Bxe5 Bd6 15. Qe2 Qc7 16. Bxf6 gxf6 17. Nd5 Qa5+ 18. c3 Be5 19. f4 exd5 20. fxe5 O-O-O 21. O-O-O fxe5 22. Qxe5 Rhe8 23. Qg3 Qc7 1/2-1/2

[Event "2BLO 2324 SV Deggendorf - Münchener Sch"]
[Site "?"]
[Date "2023.12.03"]
[Round "4.8"]
[White "Petrov, Martin"]
[Black "Froewis, Georg"]
[Result "1/2-1/2"]
[WhiteElo "2501"]
[BlackElo "2464"]
[PlyCount "117"]
[EventDate "2023.??.??"]

1. c4 e6 2. Nf3 Nf6 3. b3 d5 4. Bb2 b6 5. cxd5 exd5 6. g3 Bb7 7. Bg2 Bd6 8. O-O O-O 9. Nc3 a6 10. e3 Nbd7 11. Rc1 Re8 12. Ne2 Rc8 13. Nf4 c5 14. d4 c4 15. Nd2 b5 16. bxc4 bxc4 17. Bc3 Ne4 18. Nxe4 dxe4 19. Rb1 Qc7 20. Bh3 Rcd8 21. Qa4 Qc6 22. Qxc6 Bxc6 23. Ba5 Rb8 24. Ne2 Nf6 25. Nc3 Nd5 26. Rxb8 Rxb8 27. Nxe4 Ba3 28. Bg2 Rb5 29. Bd2 Rb2 30. Bc1 Rxa2 31. Bxa3 Rxa3 32. Rc1 Bb5 33. Nd2 Nc3 34. Bf1 Na2 35. Nxc4 Rxe3 36. Ra1 Rc3 37. Rxa2 Bxc4 38. Rb2 Bb5 39. Bxb5 axb5 40. Rxb5 Kf8 41. Kf1 Rc2 42. Re5 f6 43. Ra5 Rd2 44. Ra8+ Kf7 45. Ra7+ Kf8 46. Rd7 h5 47. h4 g6 48. Ke1 Ra2 49. d5 Ra5 50. d6 Re5+ 51. Kf1 Ra5 52. Rd8+ Kf7 53. Kg2 Ke6 54. Rg8 Kf7 55. Rd8 Ke6 56. Re8+ Kxd6 57. f4 Kd7 58. Rg8 Ke7 59. Kh3 1/2-1/2

[Event "2BLO 2324 Nickelhütte Aue - Erfurter SK"]
[Site "?"]
[Date "2023.12.03"]
[Round "4.1"]
[White "Romanov, Evgeny"]
[Black "Slobodjan, Roman"]
[Result "1-0"]
[WhiteElo "2561"]
[BlackElo "2453"]
[PlyCount "81"]
[EventDate "2023.??.??"]

1. d4 Nf6 2. Nf3 d6 3. Nbd2 g6 4. e4 Bg7 5. Bb5+ c6 6. Bd3 O-O 7. O-O Nh5 8. Re1 e5 9. dxe5 dxe5 10. a4 Qc7 11. Bf1 Rd8 12. c3 Nd7 13. Qc2 Nc5 14. b4 Ne6 15. g3 Bd7 16. Nc4 b5 17. axb5 cxb5 18. Ne3 Bc6 19. Ng4 Bd7 20. Nh6+ Kf8 21. Qb3 Be8 22. Ng4 Nf6 23. Nxf6 Bxf6 24. Be3 Rdc8 25. Bh3 Bd7 26. Red1 Ke8 27. Ra6 Qc4 28. Qb1 Qe2 29. Rxd7 Kxd7 30. Bf1 Qxf3 31. Qd3+ Ke8 32. Be2 Qxe2 33. Qxe2 Rxc3 34. Qxb5+ Kf8 35. Qb7 Re8 36. Rxa7 Rc7 37. Qa6 Rxa7 38. Bxa7 Rd8 39. b5 Rd1+ 40. Kg2 Rb1 41. b6 1-0

[Event "2BLO 2324 Nickelhütte Aue - Erfurter SK"]
[Site "?"]
[Date "2023.12.03"]
[Round "4.2"]
[White "Rogozenco, Dorian"]
[Black "Weishaeutel, Moritz"]
[Result "1/2-1/2"]
[WhiteElo "2420"]
[BlackElo "2386"]
[PlyCount "45"]
[EventDate "2023.??.??"]

1. d4 d5 2. Nf3 c5 3. c4 e6 4. cxd5 exd5 5. g3 Nf6 6. Bg2 Nc6 7. O-O Be7 8. Nc3 O-O 9. dxc5 Bxc5 10. Na4 Be7 11. Be3 Bg4 12. Rc1 Qd7 13. Bc5 Rfe8 14. Bxe7 Rxe7 15. Nc5 Qd6 16. h3 Bh5 17. Qa4 Rc8 18. Rfd1 h6 19. Qb5 a6 20. Qb6 Qc7 21. Qxc7 Rexc7 22. Nb3 Bg6 23. a3 1/2-1/2

[Event "2BLO 2324 Nickelhütte Aue - Erfurter SK"]
[Site "?"]
[Date "2023.12.03"]
[Round "4.3"]
[White "Votava, Jan"]
[Black "Pulpan, Jakub"]
[Result "1-0"]
[WhiteElo "2453"]
[BlackElo "2393"]
[PlyCount "141"]
[EventDate "2023.??.??"]

1. d4 Nf6 2. c4 e6 3. Nf3 d5 4. g3 Be7 5. Bg2 O-O 6. O-O dxc4 7. Qc2 a6 8. a4 Bd7 9. Qxc4 Bc6 10. e3 Bd5 11. Qe2 c5 12. Nc3 Bxf3 13. Qxf3 Nc6 14. dxc5 Bxc5 15. Qf4 Qb6 16. a5 Qb3 17. Qa4 Qxa4 18. Rxa4 Rfc8 19. Rd1 Rab8 20. Kf1 Be7 21. Ke2 Kf8 22. Bd2 Ke8 23. Rc1 Nb4 24. Na2 Rxc1 25. Nxc1 Nc6 26. Nd3 Nd7 27. Bc3 g6 28. Rc4 Rc8 29. g4 Bd6 30. f4 Kd8 31. g5 Rc7 32. h3 Kc8 33. b3 Kd8 34. Bf3 Rc8 35. h4 Rc7 36. Kd2 Rc8 37. Ke2 Rc7 38. Bg2 Rc8 39. Bh1 Rc7 40. Bf3 Rc8 41. Bd2 Rc7 42. Be4 Rc8 43. Rc1 Rc7 44. h5 Rc8 45. h6 Rc7 46. Rc4 Rc8 47. Bc3 Rc7 48. Kd2 Rc8 49. Kc2 Rc7 50. Kb2 Rc8 51. Nf2 Rc7 52. Ng4 Rc8 53. Bf6+ Ke8 54. b4 Be7 55. Bxc6 bxc6 56. Bxe7 Kxe7 57. Kb3 f6 58. gxf6+ Nxf6 59. Nxf6 Kxf6 60. Rd4 e5 61. Rd7 exf4 62. exf4 c5 63. Ra7 cxb4 64. Rxa6+ Kf5 65. Ra7 Rh8 66. Rf7+ Kg4 67. a6 Kh5 68. a7 Kxh6 69. Kxb4 g5 70. fxg5+ Kxg5 71. Rb7 1-0

[Event "2BLO 2324 Nickelhütte Aue - Erfurter SK"]
[Site "?"]
[Date "2023.12.03"]
[Round "4.4"]
[White "Langrock, Hannes"]
[Black "Enders, Peter"]
[Result "1-0"]
[WhiteElo "2361"]
[BlackElo "2395"]
[PlyCount "55"]
[EventDate "2023.??.??"]

1. d4 Nf6 2. Nf3 e6 3. g3 c5 4. Bg2 cxd4 5. O-O Be7 6. Nxd4 a6 7. c4 O-O 8. Bf4 d6 9. Nb3 Nc6 10. Nc3 Na5 11. Bxd6 Bxd6 12. Nxa5 Qxa5 13. Qxd6 Rd8 14. b4 Rxd6 15. bxa5 Kf8 16. Rab1 Ra7 17. Na4 Ke8 18. Nb6 Bd7 19. Rfd1 Rxd1+ 20. Rxd1 Bc6 21. Rd6 Ng8 22. e4 e5 23. f4 exf4 24. gxf4 Ne7 25. Kf2 f5 26. e5 Ng6 27. Kg3 Bxg2 28. Rxg6 1-0

[Event "2BLO 2324 Nickelhütte Aue - Erfurter SK"]
[Site "?"]
[Date "2023.12.03"]
[Round "4.5"]
[White "Mueller, Matthias"]
[Black "Spiess, Gunter"]
[Result "1/2-1/2"]
[WhiteElo "2372"]
[BlackElo "2346"]
[PlyCount "28"]
[EventDate "2023.??.??"]

1. e4 e6 2. d4 d5 3. Nc3 Nf6 4. e5 Nfd7 5. f4 c5 6. Nf3 Nc6 7. Be3 a6 8. Qd2 b5 9. dxc5 Bxc5 10. Bd3 Qb6 11. Bf2 h6 12. O-O O-O 13. Rae1 Bxf2+ 14. Rxf2 Nc5 1/2-1/2

[Event "2BLO 2324 SK M nchen S dost - SK G gging"]
[Site "?"]
[Date "2023.12.03"]
[Round "4.1"]
[White "Kulaots, Kaido"]
[Black "Kosic, Dragan"]
[Result "1/2-1/2"]
[WhiteElo "2524"]
[BlackElo "2402"]
[PlyCount "73"]
[EventDate "2023.??.??"]

1. e4 e6 2. d4 d5 3. Nc3 dxe4 4. Nxe4 Be7 5. Nf3 Nf6 6. Nxf6+ Bxf6 7. c3 Nd7 8. Bd3 c5 9. Bc2 cxd4 10. Nxd4 Nb6 11. O-O O-O 12. Qd3 g6 13. Bh6 Bg7 14. Bxg7 Kxg7 15. Qg3 Bd7 16. Rad1 Qf6 17. Be4 Rab8 18. Nf3 Rfd8 19. Ne5 Be8 20. h4 Rxd1 21. Rxd1 Rd8 22. Rxd8 Qxd8 23. Bxb7 Qd2 24. b3 Qxa2 25. c4 f6 26. Ng4 h5 27. Ne3 Qa1+ 28. Kh2 Qd4 29. Qc7+ Nd7 30. Bc6 Kf8 31. g3 Ke7 32. Ba4 Qb6 33. Qc8 Qd8 34. Qb7 Qb6 35. Qc8 Qd8 36. Qb7 Qb6 37. Qc8 1/2-1/2

[Event "2BLO 2324 SK M nchen S dost - SK G gging"]
[Site "?"]
[Date "2023.12.03"]
[Round "4.2"]
[White "Hoefelsauer, Thomas"]
[Black "Braeuer, Franz"]
[Result "1/2-1/2"]
[WhiteElo "2345"]
[BlackElo "2435"]
[PlyCount "20"]
[EventDate "2023.??.??"]

1. Nf3 d5 2. d4 Nf6 3. c4 e6 4. g3 Bb4+ 5. Bd2 Be7 6. Bg2 c6 7. Qc2 O-O 8. O-O b6 9. Bf4 Bb7 10. cxd5 cxd5 1/2-1/2

[Event "2BLO 2324 SK M nchen S dost - SK G gging"]
[Site "?"]
[Date "2023.12.03"]
[Round "4.3"]
[White "Prusikin, Michael"]
[Black "Huber, Benedikt"]
[Result "1-0"]
[WhiteElo "2513"]
[BlackElo "2273"]
[PlyCount "87"]
[EventDate "2023.??.??"]

1. d4 d5 2. c4 e6 3. Nc3 Nf6 4. Bg5 dxc4 5. e4 c5 6. d5 exd5 7. Bxf6 Qxf6 8. Nxd5 Qd8 9. Bxc4 Bd6 10. Ne2 O-O 11. O-O a6 12. a4 Nc6 13. Nec3 Be5 14. f4 Bd4+ 15. Kh1 Be6 16. Qe1 Nb4 17. Rd1 Rb8 18. b3 Nxd5 19. Bxd5 Qa5 20. Ne2 Qxe1 21. Rfxe1 Bxd5 22. Nxd4 Be6 23. Nxe6 fxe6 24. g3 Rfd8 25. a5 Rxd1 26. Rxd1 b6 27. axb6 Rxb6 28. Rd3 Rb4 29. e5 Kf7 30. Kg2 Kg6 31. Rd6 Kf5 32. Rxa6 Rxb3 33. Ra7 Rb2+ 34. Kh3 c4 35. Rxg7 h5 36. Rc7 Rc2 37. Rc6 c3 38. Rc4 Rc1 39. Kh4 Kg6 40. Rc6 Kf5 41. Kxh5 Ke4 42. Rxe6 Kd5 43. Rd6+ Kc5 44. Rd8 1-0

[Event "2BLO 2324 SK M nchen S dost - SK G gging"]
[Site "?"]
[Date "2023.12.03"]
[Round "4.4"]
[White "Lohvinov, Petro"]
[Black "Rozentalis, Eduardas"]
[Result "1/2-1/2"]
[WhiteElo "2168"]
[BlackElo "2454"]
[PlyCount "85"]
[EventDate "2023.??.??"]

1. e4 e6 2. d4 d5 3. Nd2 Nf6 4. e5 Nfd7 5. Bd3 c5 6. c3 Nc6 7. Ne2 cxd4 8. cxd4 f6 9. exf6 Nxf6 10. Nf3 Qc7 11. O-O Bd6 12. Bg5 O-O 13. Bh4 Nh5 14. Qc2 h6 15. Bh7+ Kh8 16. Bg6 Rxf3 17. Bxh5 Rf8 18. Bg3 Bd7 19. Rac1 Rf6 20. a3 Raf8 21. b4 Qb8 22. Qd3 a6 23. Nc3 Bf4 24. Rce1 Ne7 25. Bg4 Qc7 26. Bxf4 Qxf4 27. f3 Nf5 28. Bxf5 Rxf5 29. Rf2 Qg5 30. a4 Rc8 31. Rc2 Qh4 32. Rec1 Rc4 33. Ne2 Bxa4 34. Rxc4 dxc4 35. Qxc4 Rf8 36. Ng3 Bc6 37. Re1 Rd8 38. Rd1 e5 39. Qf7 Qf6 40. Qxf6 gxf6 41. Nf5 Ba4 42. Ra1 Bc2 43. Ne3 1/2-1/2

[Event "2BLO 2324 SK M nchen S dost - SK G gging"]
[Site "?"]
[Date "2023.12.03"]
[Round "4.6"]
[White "Xiong, Ferdinand"]
[Black "Stankovic, Milos"]
[Result "0-1"]
[WhiteElo "2224"]
[BlackElo "2460"]
[PlyCount "80"]
[EventDate "2023.??.??"]

1. Nf3 e6 2. c4 d5 3. e3 Nf6 4. b3 b6 5. Bb2 Bb7 6. Nc3 Nbd7 7. Be2 a6 8. Rc1 Bd6 9. cxd5 exd5 10. Qc2 O-O 11. O-O Re8 12. Rfd1 Rc8 13. Qf5 Qe7 14. d4 g6 15. Qb1 b5 16. Bf1 Ne4 17. a4 Nxf2 18. Re1 Ng4 19. axb5 a5 20. h3 Nh6 21. Bd3 Nf6 22. Ne5 Rcd8 23. Na4 Ne4 24. Bxe4 dxe4 25. Nc5 Bd5 26. Nxe4 Qh4 27. Nf2 Bxe5 28. dxe5 Bxg2 29. Kxg2 Rd2 30. Rf1 Nf5 31. Bd4 Qg3+ 32. Kh1 Qf3+ 33. Kg1 Qg3+ 34. Kh1 Rxf2 35. Rxf2 Qxf2 36. Rg1 Ng3+ 37. Rxg3 Qxg3 38. Qf1 h5 39. Qg2 Qxg2+ 40. Kxg2 Rb8 0-1

[Event "2BLO 2324 SK M nchen S dost - SK G gging"]
[Site "?"]
[Date "2023.12.03"]
[Round "4.7"]
[White "Pitl, Gregory"]
[Black "Kostic, Vladimir G"]
[Result "1/2-1/2"]
[WhiteElo "2372"]
[BlackElo "2166"]
[PlyCount "39"]
[EventDate "2023.??.??"]

1. e4 c5 2. Nf3 e6 3. d4 cxd4 4. Nxd4 Nf6 5. Nc3 Nc6 6. Nxc6 bxc6 7. e5 Nd5 8. Ne4 Qc7 9. f4 Rb8 10. a3 f5 11. exf6 Nxf6 12. Bd3 Be7 13. O-O Nxe4 14. Bxe4 Bf6 15. Rb1 d5 16. Bd3 O-O 17. c4 g6 18. Qc2 Bd4+ 19. Kh1 Qg7 20. b4 1/2-1/2

[Event "2BLO 2324 SK M nchen S dost - SK G gging"]
[Site "?"]
[Date "2023.12.03"]
[Round "4.8"]
[White "Li-Behn, Tobias"]
[Black "Schmittdiel, Eckhard"]
[Result "1/2-1/2"]
[WhiteElo "1963"]
[BlackElo "2394"]
[PlyCount "42"]
[EventDate "2023.??.??"]

1. c4 c5 2. Nc3 d6 3. e4 Nc6 4. Nge2 e5 5. d3 g6 6. g3 Bg7 7. Bg2 Nge7 8. O-O O-O 9. Be3 Nd4 10. Qd2 Bh3 11. f4 Bxg2 12. Kxg2 f5 13. fxe5 dxe5 14. Bg5 Bf6 15. Bxf6 Rxf6 16. Nd5 Nxd5 17. cxd5 Nxe2 18. Qxe2 Qd6 19. Rf3 Raf8 20. Raf1 Kg7 21. b3 b6 1/2-1/2

[Event "2BLO 2324 FC Bayern M nchen II - SC Garc"]
[Site "?"]
[Date "2023.12.03"]
[Round "4.1"]
[White "Vykouk, Jan"]
[Black "Domalchuk-Jonasson, Aleksandr"]
[Result "1-0"]
[WhiteElo "2492"]
[BlackElo "2386"]
[PlyCount "115"]
[EventDate "2023.??.??"]

1. e4 e6 2. d4 d5 3. Nc3 dxe4 4. Nxe4 Nd7 5. Nf3 Ngf6 6. Bd3 Nxe4 7. Bxe4 Nf6 8. Bd3 c5 9. O-O cxd4 10. Nxd4 Be7 11. Re1 O-O 12. c3 Bd7 13. Qf3 Bc6 14. Nxc6 bxc6 15. Bf4 Qd5 16. Qh3 Rfd8 17. Bc2 Qh5 18. Qxh5 Nxh5 19. Be3 Nf6 20. Rad1 Nd5 21. Bc1 Rac8 22. Be4 Kf8 23. Kf1 c5 24. g3 Bf6 25. f4 g6 26. Kf2 c4 27. Kf3 h5 28. h3 a5 29. g4 Nb6 30. Rxd8+ Rxd8 31. Bc2 hxg4+ 32. hxg4 Ke7 33. g5 Bg7 34. Be3 Rb8 35. Bc5+ Kd7 36. Re4 Kd8 37. Bd1 Kd7 38. Be2 Kd8 39. Bd1 Kd7 40. Re2 Kc6 41. Be3 Rh8 42. Bc2 Nd5 43. Be4 Kd6 44. Bxd5 exd5 45. a4 Kc6 46. Bf2 Rb8 47. Kg4 Bf8 48. f5 Kd7 49. Bg3 Rb6 50. Re5 Rd6 51. f6 Kd8 52. Bf2 Re6 53. Rxd5+ Kc7 54. Rxa5 Re2 55. Ra7+ Kc6 56. Rxf7 Bd6 57. Kf3 Rxb2 58. Rg7 1-0

[Event "2BLO 2324 FC Bayern M nchen II - SC Garc"]
[Site "?"]
[Date "2023.12.03"]
[Round "4.2"]
[White "Bezold, Michael"]
[Black "Haba, Petr"]
[Result "1/2-1/2"]
[WhiteElo "2472"]
[BlackElo "2433"]
[PlyCount "31"]
[EventDate "2023.??.??"]

1. Nf3 d5 2. g3 c5 3. Bg2 Nc6 4. O-O e5 5. c4 d4 6. d3 Be7 7. e3 Nf6 8. exd4 exd4 9. Re1 O-O 10. Ne5 Nxe5 11. Rxe5 Bd6 12. Re1 h6 13. Nd2 Bg4 14. Bf3 Bxf3 15. Qxf3 Qd7 16. Ne4 1/2-1/2

[Event "2BLO 2324 FC Bayern M nchen II - SC Garc"]
[Site "?"]
[Date "2023.12.03"]
[Round "4.3"]
[White "Hess, Max"]
[Black "Fedorovsky, Michael"]
[Result "0-1"]
[WhiteElo "2391"]
[BlackElo "2412"]
[PlyCount "134"]
[EventDate "2023.??.??"]

1. c4 e5 2. Nc3 Bb4 3. Nd5 Be7 4. d4 exd4 5. Qxd4 Nf6 6. Nxe7 Qxe7 7. Bg5 Nc6 8. Qc3 d6 9. e3 Ne4 10. Bxe7 Nxc3 11. Bh4 Ne4 12. f3 Nc5 13. Rd1 Be6 14. Be2 Ne5 15. Rd4 a5 16. Nh3 Nc6 17. Rd2 Ne5 18. Rd4 Ra6 19. Nf4 Rb6 20. b3 a4 21. Nd5 Bxd5 22. cxd5 axb3 23. axb3 Rxb3 24. O-O O-O 25. Bf2 Rb2 26. Re1 Ra8 27. f4 Ned7 28. Bf3 Raa2 29. Bh4 f6 30. Rdd1 g5 31. fxg5 Ne5 32. Ra1 Nxf3+ 33. gxf3 Rg2+ 34. Kf1 Rxh2 35. Rxa2 Rxa2 36. gxf6 Rh2 37. Bg3 Rh1+ 38. Ke2 Rxe1+ 39. Bxe1 Kf7 40. Ba5 c6 41. dxc6 bxc6 42. Bb4 Kxf6 43. e4 h5 44. Ke3 h4 45. Ba3 Ke6 46. Kf4 Nd3+ 47. Kg4 Ne5+ 48. Kxh4 Nxf3+ 49. Kg3 Ne5 50. Bb2 c5 51. Bc3 Kd7 52. Kf4 Nc4 53. Kf5 Nb6 54. Ba5 Kc6 55. Ke6 Nd7 56. Bc3 c4 57. Kf5 Kc5 58. Ke6 Kc6 59. Kf5 Ne5 60. Ke6 Nd3 61. Kf5 Kc5 62. Bg7 Ne5 63. Ke6 c3 64. Bh6 c2 65. Bg5 Kd4 66. Bc1 Nd3 67. Bd2 Nc5+ 0-1

[Event "2BLO 2324 FC Bayern M nchen II - SC Garc"]
[Site "?"]
[Date "2023.12.03"]
[Round "4.4"]
[White "Zajogin, Alexander"]
[Black "Rusche, Johannes"]
[Result "1-0"]
[WhiteElo "2366"]
[BlackElo "2315"]
[PlyCount "61"]
[EventDate "2023.??.??"]

1. d4 Nf6 2. Nf3 e6 3. e3 d5 4. Bd3 Bd6 5. O-O O-O 6. Nbd2 c5 7. dxc5 Bxc5 8. a3 b6 9. e4 Bb7 10. e5 Ne4 11. Qe2 Nxf2 12. Rxf2 f6 13. b4 Bxf2+ 14. Kxf2 Nd7 15. Kg1 a5 16. Bb2 Qe7 17. Nb3 axb4 18. axb4 Rxa1+ 19. Bxa1 Bc8 20. Qe1 f5 21. Nbd4 Nb8 22. Bc3 h6 23. Qa1 Rf7 24. Nb5 Qf8 25. Nd6 Rc7 26. Bd4 Nd7 27. Qa8 Bb7 28. Qxf8+ Kxf8 29. Nh4 Ke7 30. Ng6+ Kd8 31. Bf2 1-0

[Event "2BLO 2324 FC Bayern M nchen II - SC Garc"]
[Site "?"]
[Date "2023.12.03"]
[Round "4.5"]
[White "Dehlinger, Alexander"]
[Black "Ankerst, Mihael"]
[Result "0-1"]
[WhiteElo "2296"]
[BlackElo "2377"]
[PlyCount "116"]
[EventDate "2023.??.??"]

1. Nf3 Nf6 2. c4 g6 3. g3 Bg7 4. Bg2 d6 5. d4 O-O 6. O-O Nbd7 7. Nc3 e5 8. e4 a6 9. Qc2 exd4 10. Nxd4 Nc5 11. Rd1 Bg4 12. f3 Bd7 13. Be3 Re8 14. b4 Ne6 15. Nb3 h6 16. Rac1 Qc8 17. c5 dxc5 18. Nxc5 Nxc5 19. Bxc5 Bh3 20. Bf2 Bxg2 21. Kxg2 c6 22. Na4 Qe6 23. Nc5 Qe7 24. Qc4 Red8 25. h4 Rab8 26. a4 Bf8 27. b5 Rxd1 28. Rxd1 cxb5 29. axb5 Rc8 30. Qa4 Rxc5 31. Bxc5 Qxc5 32. bxa6 bxa6 33. Ra1 Bd6 34. Qa5 Qc2+ 35. Kh3 Qc8+ 36. Kg2 Qc2+ 37. Kh3 Qc8+ 38. Kg2 Qb8 39. Qxa6 Kg7 40. f4 Nxe4 41. Kf3 Nf6 42. Rd1 Bc5 43. Rd2 Qb1 44. Qd3 Qb7+ 45. Ke2 Bb4 46. Rc2 Qg2+ 47. Kd1 Qg1+ 48. Ke2 Be1 49. Rc7 Bxg3 50. Rxf7+ Kxf7 51. Qc4+ Ke7 52. Qb4+ Ke6 53. Qc4+ Kf5 54. Qd3+ Kxf4 55. Qd2+ Kg4 56. Qxh6 Qg2+ 57. Kd3 Qe4+ 58. Kc3 Bxh4 0-1

[Event "2BLO 2324 FC Bayern M nchen II - SC Garc"]
[Site "?"]
[Date "2023.12.03"]
[Round "4.6"]
[White "Rodewis, Thomas"]
[Black "Werner, Denis"]
[Result "1/2-1/2"]
[WhiteElo "2365"]
[BlackElo "2234"]
[PlyCount "132"]
[EventDate "2023.??.??"]

1. d4 d5 2. c4 c6 3. cxd5 cxd5 4. Nc3 Nf6 5. Bf4 Nc6 6. e3 a6 7. Be2 e6 8. Rc1 Be7 9. h3 O-O 10. Nf3 Bd7 11. O-O b5 12. a4 b4 13. Nb1 Qb6 14. b3 Ne4 15. Ne5 Nxe5 16. Bxe5 Rac8 17. Qd3 f6 18. Bh2 Rxc1 19. Rxc1 Rc8 20. Rxc8+ Bxc8 21. Qc2 Bd7 22. Bd3 f5 23. f3 Nf6 24. g4 g6 25. gxf5 exf5 26. Qc7 Qxc7 27. Bxc7 Bc8 28. Nd2 Kf7 29. Nf1 Ke6 30. Ng3 Bd6 31. Bxd6 Kxd6 32. h4 a5 33. Kf2 Be6 34. Bc2 Bc8 35. Bd3 Be6 36. Ne2 Nh5 37. Bb5 f4 38. Bd3 fxe3+ 39. Kxe3 Ke7 40. Ba6 Kf6 41. Nf4 Nxf4 42. Kxf4 h6 43. Bb7 g5+ 44. hxg5+ hxg5+ 45. Ke3 Bg8 46. Bc6 Ke6 47. Bb7 Kd7 48. Ba8 Kd6 49. Bb7 Be6 50. Kd2 Kc7 51. Ba8 Kd6 52. Bb7 Bf5 53. Ba8 Bg6 54. Bb7 Bh5 55. Ke3 Bg6 56. Kd2 Bf5 57. Ba8 g4 58. fxg4 Bxg4 59. Bb7 Bf3 60. Bc8 Ke7 61. Bb7 Ke6 62. Bc6 Kf5 63. Ke3 Be4 64. Bd7+ Kg5 65. Be6 Kf6 66. Bg8 Kg7 1/2-1/2

[Event "2BLO 2324 FC Bayern M nchen II - SC Garc"]
[Site "?"]
[Date "2023.12.03"]
[Round "4.7"]
[White "Stoettner, Moritz"]
[Black "Schenk, Andreas"]
[Result "1/2-1/2"]
[WhiteElo "2098"]
[BlackElo "2412"]
[PlyCount "38"]
[EventDate "2023.??.??"]

1. e4 c6 2. d4 d5 3. e5 Bf5 4. Nd2 e6 5. Nb3 Nd7 6. Nf3 Bg6 7. Be2 c5 8. dxc5 Bxc5 9. Nxc5 Nxc5 10. Nd4 Ne7 11. Be3 a6 12. O-O Rc8 13. c3 Qc7 14. f4 Be4 15. a4 O-O 16. a5 Nf5 17. Bf2 Qe7 18. b4 Nd7 19. Qd2 f6 1/2-1/2

[Event "2BLO 2324 FC Bayern M nchen II - SC Garc"]
[Site "?"]
[Date "2023.12.03"]
[Round "4.8"]
[White "Unzicker, Ferdinand"]
[Black "Schimpf, Markus"]
[Result "0-1"]
[WhiteElo "2310"]
[BlackElo "2250"]
[PlyCount "138"]
[EventDate "2023.??.??"]

1. c4 c6 2. Nf3 d5 3. e3 Nf6 4. b3 Bg4 5. Be2 e6 6. O-O Nbd7 7. d3 Bc5 8. cxd5 cxd5 9. Nbd2 O-O 10. Bb2 Qe7 11. a3 Bd6 12. Qb1 e5 13. h3 Bh5 14. Re1 Rfe8 15. Qa2 h6 16. Rac1 Rac8 17. b4 Nb6 18. Rxc8 Rxc8 19. Qa1 Re8 20. Qd1 Bg6 21. Qb3 Bf5 22. Rc1 Bd7 23. Qa2 Bb5 24. Qb1 Bb8 25. Bxe5 Bxe5 26. Nxe5 d4 27. exd4 Nfd5 28. Bh5 g6 29. Bf3 Kg7 30. Rc5 Nc7 31. Qc1 Bc6 32. Bxc6 bxc6 33. Rxc6 Ne6 34. Ndf3 Nd5 35. g3 Nxd4 36. Nxd4 Qxe5 37. Nf3 Qf5 38. Qb2+ Kh7 39. Kg2 Qxd3 40. Qd4 Ne3+ 41. fxe3 Qe2+ 42. Kg1 Qxf3 43. Rf6 Qxg3+ 44. Kf1 Qxh3+ 45. Kf2 Re7 46. Qf4 Qd7 47. Rd6 Qc7 48. Qd4 Qc2+ 49. Kf3 Qf5+ 50. Ke2 h5 51. Rd8 Qg4+ 52. Qxg4 hxg4 53. Rd4 f5 54. b5 Kh6 55. a4 Rc7 56. Kf2 Kg5 57. a5 Rc2+ 58. Kg3 Rb2 59. Rd7 Rxb5 60. Rxa7 Rb3 61. Kf2 g3+ 62. Kf3 g2 63. Kxg2 Rxe3 64. Rb7 Ra3 65. Rb5 Kg4 66. Rb6 Ra2+ 67. Kf1 g5 68. a6 f4 69. Ke1 Kg3 0-1